Výhľady sú sľubné - ak nezlyhá ľudský faktor

Bibliographic Details
Other Authors: Petránsky, Ľudovít, 1943-2021 (Interviewer)
Format: Article
Language:Slovak
ISSN:1335-1230
Subjects:

MARC

LEADER 00000nab a2200000 a 4500
001 vtls008933218
003 SK-MaSNL
005 20260428140153.0
008 140328c2006 xo zr|p|||||||000 b|slo
015 |a SNBRB2007/01  |2 snkbucl 
038 |a SNKBUCL 
040 |a SNKBUCL  |b slo  |c SNKBUCL  |e AACR2 
041 0 |a slo 
044 |a xo  |c SK 
080 |a 69:33:324  |x (437.6)  |2 2001 
100 1 |a Petránsky, Ľudovít,  |d 1943-2021  |4 ivr  |9 92780 
245 1 0 |a Výhľady sú sľubné - ak nezlyhá ľudský faktor  |c Ľudo Petránsky ... [et al.] 
648 7 |a 2006  |2 snkbucl  |9 313148 
650 0 7 |a ekonomika  |2 SNKPH  |9 789 
650 0 7 |a povolebné smerovanie  |2 SNKPH  |9 1568126 
651 7 |a Slovensko  |2 SNKPHgeo  |9 14231 
700 1 |a Leško, Marián,  |d 1954-  |4 ive  |9 263778 
700 1 |a Páleník, Viliam,  |d 1957-  |4 ive  |9 9257 
700 1 |a Gyurovszky, László,   |d 1959-  |4 ive  |9 462501 
773 0 |t ASB  |g Roč. XIII, č. 12 (2006), s. 56-58  |x 1335-1230 
852 |a SNK  |b KIS3GCP 
958 |a SK 
999 |c 3196554  |d 3198484